00607nam a2200169 450000500170000001000120001702000270002903700180005608200080007410000340008224501100011626000500022627001000027630000200037694200220039699900190041820260228163959.0 aBACEN26 a9789359448350c1195.00 bDev Publisher a485 aTripathi, Dipti Sharma987888 aGrammer and beyond:bGrammar and Beyond From Applied Grammar To Universal Grammar/cDipti Sharma Tripathi aNew DelhibDev Publisher & Distributorsc2025 aSecond Floor, Prakash Deep, 22, Delhi Medical Association Road, Darya Ganj,bNew Delhi e110002 a245p.b23cm(hb) 2ddccENh485mTRI c215099d215099